[Event "Taufkirchen"]
[Site "Taufkirchen"]
[Date "1998.08.22"]
[Round "1"]
[White "Hofmann, Max"]
[Black "Brandstaetter, Gerhard"]
[Result "1-0"]
[WhiteElo "2157"]
[BlackElo "1970"]
[PlyCount "69"]
[EventDate "1998.08.22"]
[EventType "tourn"]
[EventRounds "9"]
[EventCountry "AUT"]
[EventCategory "2"]
[SourceTitle "EXT 1999"]
[Source "ChessBase"]
[SourceDate "1998.11.16"]
[SourceVersion "1"]
[SourceVersionDate "1998.11.16"]
[SourceQuality "1"]

1. e4 c5 2. Nf3 d6 3. c3 d5 4. exd5 Qxd5 5. d4 cxd4 6. cxd4 Nf6 7. Nc3 Qd8 8. Bc4 e6 9. 0-0 Be7 10. Ne5 a6 11. a4 0-0 12. Re1 Nc6 13. Nxc6 bxc6 14. a5 Qc7 15. Qf3 Qd6 16. Ra4 Bb7 17. Ba2 Qd7 18. Qg3 Kh8 19. Rc4 Bd6 20. Qh4 Be7 21. Bg5 Ng8 22. Bb1 f5 23. Bxe7 Nxe7 24. Na4 Ng6 25. Qg5 Rae8 26. Nc5 Qc8 27. h4 Rf6 28. h5 Nf8 29. Rb4 Ba8 30. Ba2 Qd8 31. Ra4 f4 32. Qg4 Qc8 33. Re5 Nd7 34. Nxd7 Re7 35. Nc5 1-0